MARC

LEADER 00000nam0a2200000 4500
001 85765
005 20231031101222.0
010 |a 5942111839 
035 |a (RuTPU)RU\TPU\book\92141 
090 |a 85765 
100 |a 20051117d2004 k y0rusy50 ca 
101 0 |a rus 
102 |a RU 
105 |a a z 001zy 
200 1 |a Современное состояние и перспективы развития механизации и электрификации горного и нефтегазового производства  |f Санкт-Петербургский государственный горный институт (технический университет); гл. ред. В. С. Литвиненко 
210 |a СПб.  |c Изд-во СПбГГИ  |d 2004 
215 |a 204 с.  |c ил. 
225 1 |a Записки Горного института  |v Т. 157 
320 |a Библиография в конце статей 
610 1 |a горное дело 
610 1 |a горное оборудование 
610 1 |a механизация 
610 1 |a горное машиностроение 
610 1 |a нефтегазовое оборудование 
610 1 |a нефтегазовые машины 
610 1 |a насосы 
610 1 |a электроприводы 
610 1 |a электроснабжение 
610 1 |a автоматизация 
610 1 |a управление 
610 1 |a электрификация 
675 |a 622.002.5  |v 3 
675 |a 622.276.05  |v 3 
702 1 |a Литвиненко  |b В. С.  |4 651 
712 0 2 |a Санкт-Петербургский государственный горный институт (технический университет)  |2 stltpush  |3 (RuTPU)RU\TPU\col\54 
801 1 |a RU  |b 63413507  |c 20051117  |g PSBO 
801 2 |a RU  |b 63413507  |c 20051130  |g PSBO 
942 |c BK